The Penguin dictionary of astronomy / (Record no. 26230)
[ view plain ]
| 000 -LEADER | |
|---|---|
| fixed length control field | 00873cam a22003015a 4500 |
| 001 - CONTROL NUMBER | |
| control field | 011933243 |
| 005 - DATE AND TIME OF LATEST TRANSACTION | |
| control field | 20240818093032.0 |
| 008 - FIXED-LENGTH DATA ELEMENTS--GENERAL INFORMATION | |
| fixed length control field | 990706s1998 enka fr 000 0 eng d |
| 020 ## - INTERNATIONAL STANDARD BOOK NUMBER | |
| International Standard Book Number | 0140513752 |
| 020 ## - INTERNATIONAL STANDARD BOOK NUMBER | |
| International Standard Book Number | 9780140513752 |
| 040 ## - CATALOGING SOURCE | |
| Original cataloging agency | StDuBDS |
| Modifying agency | Uk |
| -- | EG-ScBUE |
| Language of cataloging | eng |
| 082 04 - DEWEY DECIMAL CLASSIFICATION NUMBER | |
| Edition number | 22 |
| Classification number | 520.3 |
| Item number | MIT |
| 100 1# - MAIN ENTRY--PERSONAL NAME | |
| Personal name | Mitton, Jacqueline. |
| 245 14 - TITLE STATEMENT | |
| Title | The Penguin dictionary of astronomy / |
| Statement of responsibility, etc | Jacqueline Mitton. |
| 246 3# - VARYING FORM OF TITLE | |
| Title proper/short title | Astronomy |
| 250 ## - EDITION STATEMENT | |
| Edition statement | New ed. |
| 260 ## - | |
| -- | London : |
| -- | Penguin Books, |
| -- | 1998. |
| 300 ## - PHYSICAL DESCRIPTION | |
| Extent | viii, 409 p. : |
| Other physical details | ill. ; |
| Dimensions | 20 cm. |
| 336 ## - CONTENT TYPE | |
| Source | rdacontent |
| Content type term | text |
| Content type code | txt |
| 337 ## - MEDIA TYPE | |
| Media type term | unmediated |
| Source | rdamedia |
| Media type code | n |
| 338 ## - CARRIER TYPE | |
| Carrier type term | volume |
| Carrier type code | nc |
| Source | rdacarrier |
| 490 0# - SERIES STATEMENT | |
| Series statement | Penguin reference |
| 500 ## - GENERAL NOTE | |
| General note | Previous ed. : 1993. |
| 650 #7 - SUBJECT ADDED ENTRY--TOPICAL TERM | |
| Topical term or geographic name as entry element | Astronomy |
| General subdivision | Dictionaries. |
| Source of heading or term | BUEsh |
| 651 ## - SUBJECT ADDED ENTRY--GEOGRAPHIC NAME | |
| Source of heading or term | BUEsh |
| 653 ## - INDEX TERM--UNCONTROLLED | |
| Resource For college | Generalities |
| Arrived date list | March2018 |
| 942 ## - ADDED ENTRY ELEMENTS (KOHA) | |
| Source of classification or shelving scheme | Dewey Decimal Classification |
| Classification part | RDA-MOD |
| Withdrawn status | Lost status | Source of classification or shelving scheme | Damaged status | Not for loan | Home library | Current library | Shelving location | Date acquired | Total Checkouts | Total Renewals | Full call number | Barcode | Checked out | Date last seen | Date checked out | Price effective from | Koha item type |
|---|---|---|---|---|---|---|---|---|---|---|---|---|---|---|---|---|---|
| Dewey Decimal Classification | Central Library | Central Library | First floor | 05/03/2018 | 1 | 1 | 520.3 MIT | 000047335 | 18/02/2025 | 20/10/2022 | 20/10/2022 | 05/03/2018 | Book - Borrowing |